Online
Catalog

Cultura empresarial en Venezuela : (Record no. 13199)

MARC details
000 -CABECERA
campo de control de longitud fija 01123cam a2200301 a 4500
001 - NÚMERO DE CONTROL
campo de control 000013579
005 - FECHA Y HORA DE LA ÚLTIMA TRANSACCIÓN
campo de control 20260129102427.0
008 - DATOS DE LONGITUD FIJA--INFORMACIÓN GENERAL
campo de control de longitud fija 970415s1996 ve ab b 000 0 spa
020 ## - NÚMERO INTERNACIONAL ESTÁNDAR DEL LIBRO
Número Internacional Estándar del Libro 9806397215 (Fundacion Polar)
020 ## - NÚMERO INTERNACIONAL ESTÁNDAR DEL LIBRO
Número Internacional Estándar del Libro 9800010092 (CENDES)
035 ## - NÚMERO DE CONTROL DEL SISTEMA
Número de control de sistema (DLC) 97139879
035 ## - NÚMERO DE CONTROL DEL SISTEMA
Número de control de sistema (BoCbEI)ei 97M001504
040 ## - FUENTE DE LA CATALOGACIÓN
Centro catalogador/agencia de origen DO-SdBNP
Centro/agencia transcriptor DLC
082 ## - NÚMERO DE LA CLASIFICACIÓN DECIMAL DEWEY
Número de clasificación 658.87
Número de documento/Ítem C968e
049 ## - FONDOS LOCALES (OCLC)
Fondos de biblioteca BNGR
245 00 - MENCIÓN DE TÍTULO
Título Cultura empresarial en Venezuela :
Resto del título la industria química y petroquímica /
Mención de responsabilidad, etc. edición Arnoldo Pirela.
260 ## - PUBLICACIÓN, DISTRIBUCIÓN, ETC.
Lugar de publicación, distribución, etc. Caracas :
Nombre del editor, distribuidor, etc. Fundación Polar ;
-- Centro de Estudios del Desarrollo ;
-- Universidad Central de Venezuela,
Fecha de publicación, distribución, etc. 1996.
300 ## - DESCRIPCIÓN FÍSICA
Extensión 414 p. :
Otras características físicas il., maps ;
Dimensiones 26 cm.
504 ## - NOTA DE BIBLIOGRAFÍA, ETC.
Nota de bibliografía, etc. Incluye bibliografía: (p. [397]-414).
650 #4 - PUNTO DE ACCESO ADICIONAL DE MATERIA--TÉRMINO DE MATERIA
Término de materia o nombre geográfico como elemento de entrada Cultura corporativa
Subdivisión geográfica Venezuela
9 (RLIN) 30959
650 #4 - PUNTO DE ACCESO ADICIONAL DE MATERIA--TÉRMINO DE MATERIA
Término de materia o nombre geográfico como elemento de entrada Industrias químicas
Subdivisión geográfica Venezuela
9 (RLIN) 30960
650 #4 - PUNTO DE ACCESO ADICIONAL DE MATERIA--TÉRMINO DE MATERIA
Término de materia o nombre geográfico como elemento de entrada Gestión industrial
Subdivisión geográfica Venezuela
9 (RLIN) 30961
650 #0 - PUNTO DE ACCESO ADICIONAL DE MATERIA--TÉRMINO DE MATERIA
Término de materia o nombre geográfico como elemento de entrada Comportamiento organizacional
9 (RLIN) 1583
650 #4 - PUNTO DE ACCESO ADICIONAL DE MATERIA--TÉRMINO DE MATERIA
Término de materia o nombre geográfico como elemento de entrada Petroquímicos
9 (RLIN) 30962
650 #4 - PUNTO DE ACCESO ADICIONAL DE MATERIA--TÉRMINO DE MATERIA
Término de materia o nombre geográfico como elemento de entrada Productos del petróleo
9 (RLIN) 27486
700 1# - PUNTO DE ACCESO ADICIONAL--NOMBRE DE PERSONA
Nombre de persona Pirela, Arnoldo,
Término indicativo de función/relación ed.
9 (RLIN) 30963
910 ## - DATOS DE OPCIÓN DEL USUARIO (OCLC)
Datos de opción del usuario Catalogación por copia / LC
Holdings
Estado de retiro Estado de pérdida Restricciones de uso No para préstamo Código de colección Localización permanente Ubicación/localización actual Ubicación en estantería Fecha de adquisición Número de inventario Total de préstamos Signatura topográfica completa Código de barras Fecha visto por última vez Precio válido a partir de Tipo de ítem Koha
    Préstamo interno   Monografías: Libros y Folletos General General En catalogación 25.11.2009 LF1   658.87 C968e 13579-10 25.06.2020 25.06.2020 Préstamo interno

Powered by Koha